000 00533nam a2200205Ia 4500
005 20240419152411.0
008 131103s9999 xx 000 0 und d
020 _a416694209
040 _aLoreto College
041 _aEnglish
082 _a370.15
_bSTO
100 _aStones, E.
245 3 _aAn Introduction to Educational Psychology
_cE.Stones
260 _aLondon
_bMethuen
_c1968
300 _a424p.
504 _aIncludes bibliographical references & index
650 _aPsychology
850 _aLCBED
942 _cBK
999 _c27001
_d77480